000 01066pab a2200181 454500
008 180718b2003 xxu||||| |||| 00| 0 eng d
100 _aSingh, Sujata
245 _aManaging Rajasthan's scarce water resources: Impact of government schemes
260 _c2003
300 _ap.501-519.
362 _aJul-Sep
520 _aThe article highlights the urgency to address the chronic water problems of a water-starved state like Rajasthan. Based on data from a field survey conducted by the author, the article examines the various approaches that have been adopted for tapping and harnessing water resources in Rajashtan. The article emphasises the need to keep politics out of planning and execution of schemes for the management of Rajasthan's scarce water resources. Mistakes made in the past should serve as important lessons in the design of new schemes. - Reproduced.
650 _aWater resources management - India - Rajasthan
650 _aWater resources management
773 _aIndian Journal of Public Administration
908 _aN
909 _a58594
999 _c58594
_d58594